Využitie indexu IN 05 v priemyselných podnikoch stredného Slovenska

Posúdenie finančného zdravia podnikov priemyselnej výroby na strednom Slovensku na základe predikčného modelu IN05.

Saved in:
Bibliographic Details
Main Author: Hičák, Štefan, 1983-
Other Authors: Diheneščiková, Daniela, Slivková, Adela, 1986-
Format: Book Chapter
Language:Slovak
Subjects:
Tags: Add Tag
No Tags, Be the first to tag this record!

MARC

LEADER 00000naa a2200000 4500
001 0162115
005 20240502072817.1
041 0 |a slo 
044 |a SK 
245 1 0 |a Využitie indexu IN 05 v priemyselných podnikoch stredného Slovenska  |c Štefan Hičák, Daniela Diheneščiková, Adela Slivková 
520 |a Posúdenie finančného zdravia podnikov priemyselnej výroby na strednom Slovensku na základe predikčného modelu IN05. 
610 2 0 |a podnik priemyselný 
610 2 0 |a diagnostika podniková 
610 2 0 |a analýza finančná 
100 1 |a Hičák, Štefan, 1983- 
700 1 |a Diheneščiková, Daniela 
700 1 |a Slivková, Adela, 1986-